Le regard de travers : Adolescence et délinquance (notice n° 2107343)

détails MARC
000 -LEADER
fixed length control field 01919cam a2200145 4500500
005 - DATE AND TIME OF LATEST TRANSACTION
control field 20260405013704.0
041 ## - LANGUAGE CODE
Language code of text/sound track or separate title fre
042 ## - AUTHENTICATION CODE
Authentication code dc
100 10 - MAIN ENTRY--PERSONAL NAME
Personal name Canonge, Xavier
Relator term author
245 00 - TITLE STATEMENT
Title Le regard de travers : Adolescence et délinquance
260 ## - PUBLICATION, DISTRIBUTION, ETC.
Name of publisher, distributor, etc. Armand Colin,<br/>
Date of publication, distribution, etc. 2014.<br/>
520 ## - SUMMARY, ETC.
Summary, etc. Le « regard de travers », telle est la raison donnée par certains adolescents délinquants pour rendre compte de leur déchaînement de violence. À partir de cette question du regard, les auteurs, cliniciens, s’interrogent sur les rapports entre adolescence et délinquance, entre regard et passage à l’acte, entre image et aliénation, entre symbole et insigne. La reprise des théories psychanalytiques des changements de la puberté, l’interrogation des théories de la délinquance ouvrent la voie à une analyse des rapports de l’adolescent à son image et à sa tentative de résoudre l’impasse adolescente par une identification au personnage et aux insignes de la délinquance. Condamné à montrer ce qu’il est devant un regard qui le vise « de travers », l’adolescent se fourvoie dans le conformisme des images. Il devient alors le héros d’un nouveau cogito selon lequel il montre pour déduire ce qu’il est. Le regard, souvent celui de la justice, se referme pour le réduire à ce qu’il voit. Devant ce piège, le « délinquant » pourrait citer ce que Jean Genet affirmait en son temps : « Je sentais le besoin de devenir ce qu’on m’avait accusé d’être. » Illustré de cas cliniques, cet ouvrage constitue une véritable aide aux professionnels concernés par la délinquance, en proposant une meilleure compréhension des passages à l’acte et de la mise en jeu incessante du pouvoir et de l’autorité.
700 10 - ADDED ENTRY--PERSONAL NAME
Personal name Pedinielli, Jean-Louis
Relator term author
856 41 - ELECTRONIC LOCATION AND ACCESS
Uniform Resource Identifier <a href="https://shs.cairn.info/le-regard-de-travers--9782200282233?lang=fr&redirect-ssocas=7080">https://shs.cairn.info/le-regard-de-travers--9782200282233?lang=fr&redirect-ssocas=7080</a>

Pas d'exemplaire disponible.

PLUDOC

PLUDOC est la plateforme unique et centralisée de gestion des bibliothèques physiques et numériques de Guinée administré par le CEDUST. Elle est la plus grande base de données de ressources documentaires pour les Étudiants, Enseignants chercheurs et Chercheurs de Guinée.

Adresse

627 919 101/664 919 101

25 boulevard du commerce
Kaloum, Conakry, Guinée

Réseaux sociaux

Powered by Netsen Group @ 2025